Sports Quiz

Random Sports or WWE Quiz

WWE Inactive Superstars Quiz Stats

 Plays Quiz not verified by Sporcle

Challenge
Share
Tweet
Embed
Score 0/7 Timer 10:00
0 Plays Today
Reason Superstar % Correct
Broken FootEvan Bourne
62.5%
Groin SurgeryMark Henry
58.3%
Shoulder SurgeryChristian
54.2%
29.2%
Knee & Elbow SurgeryAlex Riley
20.8%
Knee SurgeryCurt Hawkins
20.8%
Upper body InjuriesEzekiel Jackson
16.7%

You're not logged in!

Compare scores with friends on all Sporcle quizzes.
OR
Log In

You Might Also Like...

Show Comments

Extras

Created Nov 7, 2012ReportNominate
Tags:WWE Quiz, inactive, reason, superstar

Top Quizzes Today


Score Distribution

Your Account Isn't Verified!

In order to create a playlist on Sporcle, you need to verify the email address you used during registration. Go to your Sporcle Settings to finish the process.

Report this User

Report this user for behavior that violates our Community Guidelines.

Details: